Statistics for Non-Country by Flag #2

Click here to take the quiz!

General Stats

  • This quiz has been taken 19 times
  • The average score is 9 of 13

Answer Stats

Answer% Correct
South Ossetia
89%
Falkland Islands
83%
Northern Cyprus
83%
Transnistria
83%
Aruba
78%
Curacao
72%
Niue
72%
Bermuda
67%
Montserrat
67%
Artsakh
61%
Sint Maarten
61%
Alberta
44%
Mato Grosso
33%

Score Distribution

Percentile by Number Answered

Percent of People with Each Score

Your Score History

You have not taken this quiz